000 00597cam a2200217 4500
008 000000n2001 000 0 eng u
020 _a1860814743
035 _a(Sirsi) u113775
041 _aeng
050 _a690
110 _aBuilding Research Establishment
245 _aRemedying condensation in domestic pitched tiled roofs.
260 _aLondon
_bCRC Ltd
_c2001
300 _a8p. : ill. ; 30cm.
490 _aBRE Good Repair Guide
_v30
650 _aINSULATION
650 _aROOF SPACE
650 _aVENTILATION
690 _aBUILT ENVIRONMENT-BUILDING PATHOLOGY
942 _n0
999 _c101557
_d101557